000 00380nam a2200133Ia 4500
008 100328s9999 xx 000 0 und d
082 _b34500
100 _aखाडीलकर उषा
245 _aशृंगार वेडी
260 _bअभिजित
630 _aशृंगार वेडी
730 _aशृंगार वेडी
942 _cBOOK
999 _c524647
_d524644